Statystyki dla Alfabetyczna Afryka - Quiz

Kliknij tutaj aby rozwiązać quiz!

Ogólne statystyki

  • Ten quiz został rozwiązany 25 razy
  • Średni wynik to 14 z 24

Statystyki odpowiedzi

WskazówkaOdpowiedź% Poprawnych
BGatunek afrykańskiego drzewa, którego pień może mieć średnicę przekraczającą 30 mBaobab
92%
DNajtwardszy znany minerał; niemal połowa jego globalnych zasobów pochodzi z AfrykiDiament
92%
EJedyne nigdy nieskolonizowane afrykańskie państwoEtiopia
88%
NNajdłuższa rzeka świataNil
83%
UPaństwo położone nad Jeziorem Wiktorii o powierzchni 241 tys. km²Uganda
83%
JDuży gryzoń z długimi kolcami występujący w północnej AfryceJeżozwierz
79%
LGatunek dożego kota, którego ryk rozchodzi się nawet na 8 kmLew
79%
OGatunek ssaka z rodziny żyrafowatych, który posiada podobne do zebry kręgiOkapi
75%
RNajdłuższy równoleżnikRównik
71%
APasmo gór na północy kontynetu przecinające Algierię, Maroko i TunezjęAtlas
67%
PAntarktyczny ptak, którego populacja w Afryce liczy jednak ok. 50 tys.Pingwin
67%
ZNajpopularniejsza tanzańska wyspa, a do 1964 r. osobny krajZanzibar
67%
GCytrusowy owoc o słodko-kwaśnym smakuGrejpfrut
63%
KJedna z trzech stolic RPAKapsztad
63%
FNa fioletowo kwitnący kwiat inaczej zwany sępoliąFiołek afrykański
54%
INazwa mieszkańca Wybrzeża Kości SłoniowejIworyjczyk
54%
MNazwa państwa oraz najbardziej zróżnicowanego gatunkowo jeziora słodkowodnego na świecieMalawi
54%
TNarzędzie używane do ochrony podczas walki masajskich wojowników umieszczone na fladze KeniiTarcza
54%
CJedna z hiszpańskich eksklaw na terytorium MarokaCeuta
42%
WRoślinia storczykowata, której największym producentem jest MadagaskarWanilia
33%
SW 2018 r. świat obiegła informacja o zapoczątkowanym przez pęknięcia ziemi w Kenii rozpadzie kontynentu na dwie płyty: nubijską i __________Somalijską
29%
ŁRodzina ważek o długim, niebieskim ciele zamieszkujacej Eurazję i północ Afryki; m.in. stawowa, dzieweczka czy zalotnaŁątka
21%
ŻGatunek ptaka zamieszkujący północną Afrykę, który znany jest z tego, że potrafi usuwać żądła owadów, które je posiadają, aby później je skonsumowaćŻołna
21%
HNajbardziej znane plamię zamieszkujące tereny NamibiiHimba
13%

Rozkład punktacji

Percentyl według liczby udzielonych odpowiedzi

Procent ludzi z każdym wynikiem

Twoja historia wyników

Nie rozwiązałeś tego quizu